000 00445nam a2200181Ia 4500
001 13968
005 20260306164840.0
008 260306t2000||||xx |||||||||||||| ||spa||
041 _aESP
082 _a005.74
_bM42
100 _aMendelzon-Ale
_eAUT
245 0 _aIntroducción a las bases de datos relacionales
260 _c2000
300 _axiii, 288 páginas :
_c23 cm.
650 _aGEN
654 _aCCC
942 _cLIB
_dJUS
_fJUS
_2ddc
_n
999 _c13968
_d13968